Normal view MARC view
  • A.M. Neville

Entry Personal Name

Number of records used in: 3

001 - CONTROL NUMBER

  • control field: 106481

003 - CONTROL NUMBER IDENTIFIER

  • control field: NUST

005 - DATE AND TIME OF LATEST TRANSACTION

  • control field: 20221230141136.0

008 - FIXED-LENGTH DATA ELEMENTS

  • fixed length control field: 221230|| aca||aabn | a|a d

040 ## - CATALOGING SOURCE

  • Original cataloging agency: NUST
  • Transcribing agency: NUST

100 ## - HEADING--PERSONAL NAME

  • Personal name: A.M. Neville

670 ## - SOURCE DATA FOUND

  • Source citation: Work cat.: (NUST)183748: A.M. Neville, Properties of concrete /, 2000.
© 2023 Central Library, National University of Sciences and Technology. All Rights Reserved.